Statistics for Castes of Former Hindu Society

Click here to take the quiz!

General Stats

  • This quiz has been taken 25 times
    (17 since last reset)
  • The average score is 3 of 5

Answers on the Map

Answers color-coded by a green-red scale on the quiz's map according to % correct below.
Loading ...
 

Answer Stats

Example Caste % Correct
PriestsBrahmin
89%
Tribal peopleDalit
67%
WarriorsKshatriya
44%
MerchantsVaishya
44%
Working classShudra
44%

Score Distribution

Percentile by Number Answered

Percent of People with Each Score

Your Score History

You have not taken this quiz since the last reset